[Event "Faxe Eftermiddag-A"]
[Site "Faxe"]
[Date "2011.09.28"]
[Round "4"]
[White "Petersen, Bent Wester"]
[Black "Arendal, Gustav"]
[Result "1-0"]
[WhiteElo "1883"]
[BlackElo "1801"]
[PlyCount "128"]
[EventDate "2011.08.07"]
[EventType "tourn"]
[EventRounds "5"]
[EventCountry "DEN"]
[SourceTitle "EXT 2023"]
[Source "ChessBase"]
[SourceDate "2022.10.05"]
[SourceVersion "1"]
[SourceVersionDate "2022.10.05"]
[SourceQuality "1"]

1. d4 Nf6 2. c4 g6 3. Nc3 Bg7 4. Nf3 0-0 5. g3 d6 6. Bg2 Nbd7 7. 0-0 e5 8. e3 h6 9. Qb3 c6 10. Rd1 Re8 11. a4 a5 12. Bd2 Ra6 13. Qc2 e4 14. Ne1 d5 15. Bf1 Ra8 16. cxd5 cxd5 17. Nb5 Re6 18. Qc7 Qf8 19. Rdc1 Ne8 20. Qc2 f5 21. Qb3 Ndf6 22. Bxa5 b6 23. Bb4 Qf7 24. Nc3 Bb7 25. Ng2 g5 26. Bb5 Nd6 27. Bxd6 Rxd6 28. Be2 Nh5 29. Nb5 Rd7 30. Rc2 f4 31. Bg4 fxg3 32. fxg3 Re7 33. Nd6 Qg6 34. Nxb7 Nf6 35. Bc8 Qe8 36. Nd6 Qd8 37. Nf5 Rc7 38. Rxc7 Qxc7 39. Be6+ Kh7 40. Nxg7 Kxg7 41. Rf1 Qd6 42. Rxf6 Kxf6 43. Qxd5 Qb8 44. Qf5+ Kg7 45. Qf7+ Kh8 46. Qf6+ Kh7 47. Bf5+ Kg8 48. Qg6+ Kf8 49. Qxh6+ Ke8 50. Qh8+ Ke7 51. Qxb8 Rxb8 52. Bxe4 Kf6 53. b4 Rc8 54. a5 bxa5 55. bxa5 Rc1+ 56. Kf2 Ra1 57. Kf3 Rxa5 58. h4 Ra1 59. hxg5+ Kxg5 60. Bd3 Rd1 61. Ke2 Rg1 62. Kf3 Rd1 63. Bb5 Rb1 64. Bc6 Rc1 1-0

[Event "Faxe EMT"]
[Site "Faxe"]
[Date "2011.05.16"]
[Round "5"]
[White "Arendal, Gustav"]
[Black "Hansen, Borge"]
[Result "1/2-1/2"]
[WhiteElo "1834"]
[BlackElo "1592"]
[PlyCount "98"]
[EventDate "2011.04.11"]
[EventType "swiss"]
[EventRounds "7"]
[EventCountry "DEN"]
[SourceTitle "EXT 2023"]
[Source "ChessBase"]
[SourceDate "2022.10.05"]
[SourceVersion "1"]
[SourceVersionDate "2022.10.05"]
[SourceQuality "1"]

1. e4 e5 2. Nf3 Nc6 3. Bb5 d6 4. d4 exd4 5. Nxd4 Bd7 6. 0-0 Nf6 7. Nc3 Be7 8. Re1 0-0 9. Nxc6 bxc6 10. Bd3 Ng4 11. Bf4 Bf6 12. Qd2 Ne5 13. Be2 Rb8 14. b3 Qc8 15. Rad1 Bg4 16. Bxe5 Bxe5 17. f3 Bxc3 18. Qxc3 Bd7 19. f4 Qb7 20. Rd3 Qb4 21. Qxb4 Rxb4 22. c4 Be6 23. Bf3 f6 24. g4 g5 25. f5 Bf7 26. Kf2 c5 27. h4 h6 28. hxg5 hxg5 29. Rh1 Kg7 30. Bg2 Rh8 31. Rf1 Rb6 32. Kg3 a5 33. a4 Rhb8 34. Rff3 Re8 35. Rfe3 Rh8 36. Bf3 Rb4 37. Bd1 Rbb8 38. Re1 Rh4 39. Bf3 Rbh8 40. Bg2 Rh2 41. Rdd1 R2h4 42. Rh1 Rxh1 43. Bxh1 Rb8 44. Rd3 Rb6 45. Bf3 Rb4 46. Bd1 Rb8 47. Bc2 Re8 48. Rf3 Re5 49. Rf1 Re7 1/2-1/2

[Event "Faxe EMT"]
[Site "Faxe"]
[Date "2010.04.07"]
[Round "4"]
[White "Arendal, Gustav"]
[Black "Jensen, Leif"]
[Result "1/2-1/2"]
[WhiteElo "1890"]
[BlackElo "2007"]
[PlyCount "33"]
[EventDate "2010.03.17"]
[EventType "swiss"]
[EventRounds "7"]
[EventCountry "DEN"]
[SourceTitle "EXT 2023"]
[Source "ChessBase"]
[SourceDate "2022.10.05"]
[SourceVersion "1"]
[SourceVersionDate "2022.10.05"]
[SourceQuality "1"]

1. e4 e6 2. d4 d5 3. Nc3 dxe4 4. Nxe4 Nd7 5. Nf3 Ngf6 6. Bd3 Nxe4 7. Bxe4 Nf6 8. Bg5 Be7 9. Bd3 0-0 10. Qd2 b6 11. 0-0-0 Bb7 12. Kb1 Ne4 13. Bxe4 Bxe4 14. Bxe7 Qxe7 15. Qf4 Bxf3 16. Qxf3 Rad8 17. Rhe1 1/2-1/2